000
00205 a2200097 4500
001
27579
100
_a
Blakemove
245
_a
Solid state physics
260
_a
_b
Saunders Co
_c
1974
090
_c
18366
_d
18366
942
_a
NUST-CAE
_c
M
_c
9298
999
_c
262652
_d
262652